Advances in substance and behavioral addiction : (Record no. 51291)

MARC details
000 -LEADER
fixed length control field 00667nam a2200217Ia 4500
005 - DATE AND TIME OF LATEST TRANSACTION
control field 20260429111904.0
008 - FIXED-LENGTH DATA ELEMENTS--GENERAL INFORMATION
fixed length control field 260429s9999||||xx |||||||||||||| ||und||
020 ## - INTERNATIONAL STANDARD BOOK NUMBER
International Standard Book Number 9783030824105
041 ## - LANGUAGE CODE
Language English
082 ## - DEWEY DECIMAL CLASSIFICATION NUMBER
Classification number 616.89142
Item number BAL
100 ## - MAIN ENTRY--PERSONAL NAME
Personal name Balconi, Michela
245 #0 - TITLE STATEMENT
Title Advances in substance and behavioral addiction :
Remainder of title the role of executive functions /
Statement of responsibility, etc Michela Balconi
260 ## - PUBLICATION, DISTRIBUTION, ETC. (IMPRINT)
Place of publication, distribution, etc Switzerland :
Name of publisher, distributor, etc Springer,
Date of publication, distribution, etc 2021.
300 ## - PHYSICAL DESCRIPTION
Extent xii, 257 p.; pbk
440 ## - SERIES STATEMENT/ADDED ENTRY--TITLE
Title Advances in mental health and addiction
650 ## - SUBJECT ADDED ENTRY--TOPICAL TERM
Topical term or geographic name as entry element Behavior therapy
650 ## - SUBJECT ADDED ENTRY--TOPICAL TERM
Topical term or geographic name as entry element Behavioral addiction
650 ## - SUBJECT ADDED ENTRY--TOPICAL TERM
Topical term or geographic name as entry element Diseases
700 ## - ADDED ENTRY--PERSONAL NAME
Personal name Campanella, Salvatore
942 ## - ADDED ENTRY ELEMENTS (KOHA)
Koha item type Text Books
Holdings
Withdrawn status Lost status Damaged status Not for loan Collection code Home library Location Shelving location Date of Cataloging Source of acquisition Total Checkouts Full call number Barcode Date last seen Price effective from Koha item type
        Non-fiction CUTN Central Library CUTN Central Library Medicine, Technology & Management 29/04/2026 Shanti Books, Chennai - Invoice No. 3099 on 09-02-2026   616.89142 BAL 56232 29/04/2026 29/04/2026 Text Books